000 00463nam a22001937a 4500
003 MPLRDC
005 20220104123637.0
008 210129b ||||| |||| 00| 0 eng d
020 _a7-5418-0764-8
082 _a427.11 MH
100 _a明昊
245 _a明目补脑饮食
_c
250 _a一版一刷
260 _a
_b陕西旅游出版社
_c1993
300 _b
490 _a家庭饮食系列
650 _a中菜食谱
942 _cBK
_o427.11 MH
999 _c13045
_d13035